00788nam a2200229Ia 4500003000900000008004100009020003000050020003100080040001600111100002200127245005700149260003800206300002000244650004500264650003800309650004800347650003200395650001200427700002300439700002300462856007300485IN-BaIIA211028s9999 xx s 000 0 eng d a978-1-4419-8815-7 (Print) a978-1-4419-8816-4 (Online) cIIA Library aKittler, Richard  0aDaylight Science and Daylighting Technologyh[eBook] aNew YorkbSpringer New Yorkc2012 aOnline resource a Environmental Engineering/Biotechnology a Interior Architecture and Design a Optics, Lasers, Photonics, Optical Devices a Renewable and Green Energy aPhysics aDarula, Stanislav  aKocifaj, Miroslav  uhttp://doi.org/10.1007/978-1-4419-8816-4yClick Here to Access eBook